Catálogo público

Seminario del personal docente 1976 / (Record no. 172510)

MARC details
000 -CABECERA
campo de control de longitud fija 02355nam a2200313Ia 4500
001 - NÚMERO DE CONTROL
campo de control dia_1978
003 - IDENTIFICADOR DEL NÚMERO DE CONTROL
campo de control CHAP
005 - FECHA Y HORA DE LA ÚLTIMA TRANSACCIÓN
campo de control 20230614100909.0
008 - DATOS DE LONGITUD FIJA--INFORMACIÓN GENERAL
campo de control de longitud fija 220117s1976 xx 000 0 und d
010 ## - NÚMERO DE CONTROL DE LA BIBLIOTECA DEL CONGRESO
Número de control de LC 172510
040 ## - FUENTE DE LA CATALOGACIÓN
Centro/agencia transcriptor CHAP
082 ## - NÚMERO DE LA CLASIFICACIÓN DECIMAL DEWEY
Número de clasificación 370.72 S45 1976
110 ## - ENTRADA PRINCIPAL--NOMBRE DE ENTIDAD CORPORATIVA
Nombre de entidad corporativa o nombre de jurisdicción como elemento de entrada E.N.A. Departamento de Industrias Agrícolas
9 (RLIN) 147432
245 ## - MENCIÓN DE TÍTULO
Título Seminario del personal docente 1976 /
Mención de responsabilidad, etc. colaboración Armando Santos Moreno...[et al.]
260 ## - PUBLICACIÓN, DISTRIBUCIÓN, ETC.
Lugar de publicación, distribución, etc. México :
Nombre del editor, distribuidor, etc. E.N.A. Departamento de Industrias Agrícolas,
Fecha de publicación, distribución, etc. 1976
300 ## - DESCRIPCIÓN FÍSICA
Extensión 211 h.
505 ## - NOTA DE CONTENIDO CON FORMATO
Nota de contenido con formato Cambios bioquímicos en la maduración de frutas / Armando Santos Moreno \Aspectos fisiológicos de la floración, desarrollo y maduración del fruto del plátano (Musa sp.) / Lorenzo Alvarado y Sosa \ Fisiología del desarrollo y maduración de mangos / Crescenciano Saucedo Veloz \ Estudio de cambios organolépticos durante la maduración del mango manila a diversas temperaturas / Jorge Castillo Merino \ Estudio de la producción, manejo y beneficio del orégano (Origanum vulgare) en el estado de Hidalgo / Luis F. Ramayo Ramírez y Roberto Herrera Saldaña \ El control de la calidad en la producción de alimentos en México / Jorge Martínez Estrada \ Diseño óptimo económico / Jesus Fernández López \ Crédito agrícola para diferentes tipos de agricultura / Georgel Moctezuma López \ Degradación microbiana de celulosa / Salvador Martínez Romero \ Diseño de cámaras para atmósfera controlada / Ramón Sepúlveda Lerma \ El transporte frigorífico de productos perecederos / Julio Serrano Pérez \ Estudio de microorganismos a nivel de planta piloto / Féliz Esparza Torres \ El factor de potencia en un circuito agroindustrial / J. Eleazar Aldaba Chávez
590 ## - NOTA LOCAL (RLIN)
Nota local S539.5 S45 1976
650 ## - PUNTO DE ACCESO ADICIONAL DE MATERIA--TÉRMINO DE MATERIA
Término de materia o nombre geográfico como elemento de entrada Agricultural education
Subdivisión general Congresses
9 (RLIN) 151959
650 ## - PUNTO DE ACCESO ADICIONAL DE MATERIA--TÉRMINO DE MATERIA
Término de materia o nombre geográfico como elemento de entrada Docentes
Subdivisión general Investigación educativa
-- Congresos, conferencias, etc.
9 (RLIN) 151960
650 ## - PUNTO DE ACCESO ADICIONAL DE MATERIA--TÉRMINO DE MATERIA
Término de materia o nombre geográfico como elemento de entrada Educación agrícola
Subdivisión general Congresos, conferencias, etc.
9 (RLIN) 151961
650 ## - PUNTO DE ACCESO ADICIONAL DE MATERIA--TÉRMINO DE MATERIA
Término de materia o nombre geográfico como elemento de entrada Teachers
Subdivisión general Educational research
-- Congresses
9 (RLIN) 151962
700 ## - PUNTO DE ACCESO ADICIONAL--NOMBRE DE PERSONA
Nombre de persona Santos Moreno, Armando, coaut.
9 (RLIN) 145985
710 ## - PUNTO DE ACCESO ADICIONAL--NOMBRE DE ENTIDAD CORPORATIVA
Nombre de entidad corporativa o nombre de jurisdicción como elemento de entrada Escuela Nacional de Agricultura. Departamento de Industrias Agrícolas
9 (RLIN) 151963
901 ## - ELEMENTOS DE DATOS A LOCAL LDA (RLIN)
a 370.72 S45 1976
902 ## - ELEMENTOS DE DATOS B LOCAL, LDB (RLIN)
a M
905 ## - ELEMENTOS DE DATOS E LOCAL, LDE (RLIN)
a 5232271976 mx amn 8223323322spa16
942 ## - ELEMENTOS DE PUNTO DE ACCESO ADICIONAL (KOHA)
Tipo de ítem Koha Libro
Fuente del sistema de clasificación o colocación Dewey Decimal Classification
Holdings
Estado de retiro Estado de pérdida Fuente del sistema de clasificación o colocación Estado dañado No para préstamo Código de colección Localización permanente Ubicación/localización actual Fecha de adquisición Información codificada de la localización en otra ubicación Total de préstamos Signatura topográfica completa Código de barras Fecha visto por última vez Número de copia Precio válido a partir de Tipo de ítem Koha
    Dewey Decimal Classification     General Ingenieria Agroindustrial Ingenieria Agroindustrial 18/01/2022 1   370.72 S45 1976 dia_001065 18/01/2022 5 18/01/2022 Libro
    Dewey Decimal Classification     General Ingenieria Agroindustrial Ingenieria Agroindustrial 18/01/2022 1   370.72 S45 1976 dia_001061 18/01/2022 1 18/01/2022 Libro
    Dewey Decimal Classification     General Ingenieria Agroindustrial Ingenieria Agroindustrial 18/01/2022 1   370.72 S45 1976 dia_001062 18/01/2022 2 18/01/2022 Libro
    Dewey Decimal Classification     General Ingenieria Agroindustrial Ingenieria Agroindustrial 18/01/2022 1   370.72 S45 1976 dia_001063 18/01/2022 3 18/01/2022 Libro
    Dewey Decimal Classification     General Ingenieria Agroindustrial Ingenieria Agroindustrial 18/01/2022 1   370.72 S45 1976 dia_001064 18/01/2022 4 18/01/2022 Libro